000 00686nam a2200289Ia 4500
005 20260324115613.0
008 008 260324s9999 xx 000 0 eng d
020 _a9781315146157
037 _aEBOOK
040 _aCRL
040 _beng
040 _cCRL
041 _2eng
041 _aeng
084 _qCRL
100 _aRobert E. Henry PE
_91155303
245 0 _aModels for Design
245 0 _bElectrical Calculations for Industrial Plants
260 _bTaylor and Francis
260 _c2017
365 _a
365 _b340
856 _uhttp://www.taylorfrancis.com/books/9781315146157
942 _cEBOOK
999 _c1746297
_d1746297